00441nam a2200181Ia 4500008004100000041000800041082001800049100002100067245003000088260004200118300000800160365000700168500001400175501000800189520000700197650003600204999001900240230725s2000 xx 000 0 und d aeng a615.3201bZAF aZAFAR, RASHEEDUZ aMEDICINAL PLANTS OF INDIA bC.B.S. PUBLISHERS & DISTRUTORS c2000 a132 h20 aTEXT BOOK aPGY aPB aPHARMACOGNOSY & PHYTHOCHEMISTRY c768044d768044